| 000 | 00873nam a2200265 a 4500 | ||
|---|---|---|---|
| 001 | BRCA_5514 | ||
| 005 | 20190320205119.0 | ||
| 008 | 040211s1951----nyua###f##---#001-0#eng-# | ||
| 041 | _aeng | ||
| 044 | _anyu | ||
| 050 | 4 |
_aN5963 _b.C56 1951 |
|
| 245 | 1 | 0 |
_aThe Cloisters _bthe Building and the Collection of Medieval Art in Fort Tryon Park _cpreface by James J. Rorimer. |
| 250 | _a11 | ||
| 260 |
_aNueva York _bMetropolitan Museum of Art _c1951 |
||
| 300 |
_axxvii, 158 p. _bil., 87 láminas, planos _c22 cm. |
||
| 500 | _aVer también E41 (1946) e Y11 (1963) | ||
| 500 | _aE39 | ||
| 650 | 1 | 4 |
_aArtes decorativas _vCatálogos _914086 |
| 650 | 1 | 4 |
_aArte _zEstados Unidos _97806 |
| 650 | 1 | 4 |
_aGalerías y museos _zEstados Unidos _97437 |
| 700 | 1 |
_aRorimer, James J. _911012 |
|
| 710 | 2 |
_aMetropolitan Museum of Art (New York) _914087 |
|
| 902 | _aGFM | ||
| 942 |
_2lcc _cB |
||
| 999 |
_c5208 _d5208 |
||